000 00709nam a2200253Ia 4500
003 OSt
005 20220925215752.0
006 a|||||r|||| 00| 0
007 ta
008 220923b |||||||| |||| 00| 0 eng d
020 _a0852550030
037 _cGeneral Book
040 _aRTL
_cRTL
_beng
041 _2eng
_aeng
082 _aX:3L.654.N8, M6
100 _aShenton Robert W
_9123968
245 0 _aDevelopment of capitalism in Northern Nigeria
260 _aLondon
_bJames Currey
_c1986
300 _axvii,169p
_ccm.
500 _aBibliography: P 142-64
650 _aWages
_9229845
942 _hX:3L.654.N8, M6
_cGB
_2CC
999 _c569673
_d569673